[Event "Challenge"]
[Site "http://www.queenalice.com/game.php?id=763113"]
[Date "2010.4.18"]
[Round "-"]
[White "igorzz"]
[Black "holpache"]
[Result "0-1"]
[WhiteElo "2387"]
[BlackElo "2604"]

1. e4 c5 2. Nf3 d6 3. d4 cxd4 4. Nxd4 Nf6 5. Nc3 a6 6. Bg5 e6 7. f4 Qb6 8. Qd2
Qxb2 9. Rb1 Qa3 10. f5 b5 11. Rb3 Qa5 12. Bd3 e5 13. Nf3 Nbd7 14. O-O Nc5 15.
Rbb1 Bb7 16. a3 Rc8 17. Be2 Qb6 18. Be3 Qc7 19. Nxb5 axb5 20. Bxb5+ Bc6 21. Bxc5
Bxb5 22. Rxb5 Nxe4 23. Qe3 Nxc5 24. f6 gxf6 25. Nd4 Rg8 26. Qe2 Na4 27. Rb4 Nc3
28. Qa6 exd4 29. Re1+ Kd8 30. Rb7 Qc5 31. Kh1 Nd5 32. Re2 d3 33. Qxd3 Nf4 34.
Qf3 Qc3 0-1

[Event "Challenge"]
[Site "http://www.queenalice.com/game.php?id=769284"]
[Date "2010.5.1"]
[Round "-"]
[White "holpache"]
[Black "igorzz"]
[Result "1-0"]
[WhiteElo "2610"]
[BlackElo "2376"]

1. d4 g6 2. e4 Bg7 3. Nf3 d6 4. Nc3 c6 5. Bd3 Bg4 6. Be3 Nf6 7. h3 Bxf3 8. Qxf3
Nbd7 9. O-O-O e5 10. Kb1 O-O 11. g4 exd4 12. Bxd4 Qa5 13. h4 Ne5 14. Qg2 Nfd7
15. Be2 b5 16. f4 b4 17. h5 Rab8 18. Na4 Qxa4 19. hxg6 fxg6 20. fxe5 Nxe5 21.
Qh3 h5 22. gxh5 g5 23. Qe6+ Kh8 24. h6 Bf6 25. Rhf1 c5 26. Rxf6 cxd4 27. Qxd6
Qe8 28. Re6 1-0

[Event "Challenge"]
[Site "http://www.queenalice.com/game.php?id=779914"]
[Date "2010.5.24"]
[Round "-"]
[White "igorzz"]
[Black "holpache"]
[Result "0-1"]
[WhiteElo "2374"]
[BlackElo "2618"]

1. e4 c5 2. Nf3 d6 3. d4 cxd4 4. Nxd4 Nf6 5. Nc3 a6 6. Bg5 e6 7. f4 Qb6 8. Qd2
Qxb2 9. Rb1 Qa3 10. f5 Nc6 11. fxe6 fxe6 12. Nxc6 bxc6 13. e5 dxe5 14. Rb3 Qd6
15. Bd3 Be7 16. O-O Rb8 17. Ne4 Nxe4 18. Bxe4 Rxb3 19. Qxd6 Bxd6 20. cxb3 Bc5+
21. Kh1 h6 22. Bxc6+ Bd7 23. Rd1 Bd4 24. Bxd7+ Kxd7 25. Be3 Rd8 26. Bxd4 Ke8 27.
g4 exd4 28. Kg2 Ke7 29. Kf3 e5 30. Ke4 Kd6 31. Rf1 Rc8 32. Rf7 Rc3 33. Rxg7 Re3+
34. Kf5 d3 35. Rg8 e4 36. Ra8 Kc5 37. Rd8 Re2 38. a3 d2 39. Ke6 e3 40. Rd5+ Kc6
41. Rd6+ Kc7 42. Rd7+ Kc8 43. Ke7 Rxh2 0-1

[Event "Challenge"]
[Site "http://www.queenalice.com/game.php?id=779915"]
[Date "2010.5.24"]
[Round "-"]
[White "holpache"]
[Black "igorzz"]
[Result "0-1"]
[WhiteElo "2460"]
[BlackElo "2383"]

1. Nf3 d5 2. e4 dxe4 3. Ng5 e5 4. Nxe4 f5 5. Ng3 Be6 6. Bb5+ c6 7. Ba4 Nf6 8.
Bb3 Bxb3 9. axb3 Bc5 10. Nxf5 Qd7 11. Ng3 O-O 12. Qe2 Na6 13. Qc4+ Nd5 14. O-O
Bd4 15. Nc3 Rac8 16. Nce4 b5 17. Qe2 Nf4 18. Qd1 Nc7 19. Ne2 Bb6 20. d3 Nfe6 21.
N2g3 Nd5 22. Qg4 Rf7 23. Nf5 Nd4 24. Nh6+ Kf8 25. Nd6 Nxc2 26. Rb1 Re8 27. Nxe8
Kxe8 28. Qd1 gxh6 29. Qxc2 Nb4 30. Qe2 Nxd3 31. Be3 Qf5 32. Bxb6 axb6 33. Qe3
Rg7 34. Rbd1 Nf4 35. g3 Nd5 36. Qxh6 Rg6 37. Qd2 Kf7 38. Ra1 Rf6 39. Rfe1 Kg7
40. Ra7+ Rf7 41. Rxf7+ Kxf7 42. Qh6 Nf6 43. h3 Ne4 44. Re2 Nf6 45. g4 Qf4 0-1

[Event "Challenge"]
[Site "http://www.queenalice.com/game.php?id=779917"]
[Date "2010.5.24"]
[Round "-"]
[White "holpache"]
[Black "igorzz"]
[Result "1-0"]
[WhiteElo "2617"]
[BlackElo "2372"]

1. e4 Nc6 2. d4 d5 3. e5 Bf5 4. c3 e6 5. Bd3 Bxd3 6. Qxd3 f6 7. f4 fxe5 8. fxe5
Qh4+ 9. g3 Qg4 10. Ne2 O-O-O 11. Nf4 Nge7 12. h3 Qg5 13. O-O Qf5 14. Qxf5 Nxf5
15. Nxe6 Re8 16. Nxc7 Kxc7 17. Rxf5 Be7 18. Bg5 Bxg5 19. Rxg5 g6 20. Na3 Ne7 21.
Nb5+ Kc6 22. Nd6 Ref8 23. Rf1 Rxf1+ 24. Kxf1 Rf8+ 25. Ke2 h6 26. Rg4 g5 27. h4
Nf5 28. hxg5 Nxd6 29. gxh6 Nf5 30. Rg6+ Kc7 31. g4 Ng3+ 32. Ke3 Nf1+ 33. Kd3 Rf2
34. c4 dxc4+ 35. Kxc4 Rxb2 36. h7 Rh2 37. Rg7+ Kc6 38. d5+ Kb6 39. Kd4 Rd2+ 40.
Ke4 Re2+ 41. Kf4 1-0

[Event "Challenge"]
[Site "http://www.queenalice.com/game.php?id=779918"]
[Date "2010.5.24"]
[Round "-"]
[White "igorzz"]
[Black "holpache"]
[Result "1-0"]
[WhiteElo "2368"]
[BlackElo "2470"]

1. e4 c6 2. d4 d5 3. Nc3 dxe4 4. Nxe4 Nf6 5. Nxf6+ gxf6 6. Nf3 Bg4 7. Be2 Qc7 8.
Be3 Nd7 9. h3 Bh5 10. Qd2 O-O-O 11. O-O-O e6 12. Bf4 Bd6 13. Bxd6 Qxd6 14. Qa5
Bxf3 15. Bxf3 Kb8 16. Rhe1 Qf4+ 17. Kb1 Nb6 18. Qc5 Qg5 19. Qxg5 fxg5 20. c3 h5
21. Kc2 Kc7 22. Re5 Rdg8 23. h4 g4 24. Be2 Rd8 25. f3 gxf3 26. Bxf3 Nc4 27. Re2
Rdg8 28. Rde1 Nd6 29. b4 Nf5 30. Re4 a5 31. a3 axb4 32. axb4 Kd6 33. Kb3 Ng3 34.
Rf4 f5 35. Kb2 b5 36. c4 bxc4 37. Kc3 Ra8 38. Kxc4 Ra3 39. Rc1 Rha8 40. Rc3
Rxc3+ 41. Kxc3 Ra2 42. Kd3 Rb2 43. Kc3 Rf2 44. Kd3 1-0

[Event "Challenge"]
[Site "http://www.queenalice.com/game.php?id=779921"]
[Date "2010.5.24"]
[Round "-"]
[White "yeye2"]
[Black "holpache"]
[Result "0-1"]
[WhiteElo "1212"]
[BlackElo "2616"]

1. e4 c5 2. c4 Nc6 3. d3 Nf6 4. Nc3 e6 5. f3 d5 6. g3 d4 7. Nb5 h5 8. e5 Nxe5 9.
Qe2 a6 10. Qxe5 axb5 11. b3 Bd6 12. Qe2 bxc4 13. bxc4 b5 14. cxb5 Qa5+ 15. Bd2
Qxb5 16. Bc1 h4 17. Bf4 Qb4+ 18. Qd2 e5 19. Bg5 hxg3 20. h3 Nd5 21. Rb1 Qxb1+
22. Qd1 Qxa2 23. Qd2 Qxd2+ 24. Kxd2 Ra2+ 25. Ke1 c4 26. dxc4 Bb4+ 27. Kd1 Nc3+
28. Ke1 Bf5 29. Bd2 Ra1+ 30. Bc1 Rxc1+ 31. Kd2 Rd1# 0-1

[Event "AUTO-ELITE-483"]
[Site "http://www.queenalice.com/game.php?id=782886"]
[Date "2010.5.30"]
[Round "2"]
[White "Dogeval"]
[Black "holpache"]
[Result "1-0"]
[WhiteElo "2418"]
[BlackElo "2621"]

1. e4 c5 2. Nf3 d6 3. d4 cxd4 4. Nxd4 Nf6 5. Nc3 a6 6. Bc4 Qc7 7. Qe2 e6 8. O-O
Be7 9. f4 O-O 10. Bb3 b5 11. a3 Bb7 12. Bd2 Nbd7 13. Rad1 Nc5 14. e5 Nxb3 15.
cxb3 dxe5 16. fxe5 Ne4 17. Be1 Nxc3 18. Bxc3 Rad8 19. b4 Bd5 20. Qg4 Bc4 21.
Rfe1 Rd5 22. Qg3 Rfd8 23. Rd2 1-0

[Event "AUTO-ELITE-483"]
[Site "http://www.queenalice.com/game.php?id=782887"]
[Date "2010.5.30"]
[Round "2"]
[White "holpache"]
[Black "Dogeval"]
[Result "0-1"]
[WhiteElo "2587"]
[BlackElo "2426"]

1. d4 Nf6 2. c4 e6 3. Nf3 d5 4. Nc3 Be7 5. Bg5 O-O 6. Qc2 h6 7. Bh4 Nc6 8. e3 b6
9. a3 Bb7 10. Rc1 Rc8 11. Bg3 Bd6 12. cxd5 exd5 13. Bd3 Re8 14. O-O Bxg3 15.
hxg3 Qd6 16. Bf5 Rcd8 17. b4 a6 18. Ne2 Re7 19. Bd3 g6 20. Nh4 Ne4 21. Nf4 Kh8
22. Kh2 Rc8 0-1

[Event "AUTO-OPEN-1803"]
[Site "http://www.queenalice.com/game.php?id=789385"]
[Date "2010.6.13"]
[Round "3"]
[White "TheBigSid"]
[Black "holpache"]
[Result "0-1"]
[WhiteElo "2142"]
[BlackElo "2614"]

1. d4 Nf6 2. c4 c5 3. e3 e6 4. Nf3 d5 5. cxd5 exd5 6. Nc3 Nc6 7. Bd3 c4 8. Bc2
Bd6 9. e4 dxe4 10. Nxe4 O-O 11. O-O Bg4 12. Bg5 Be7 13. Ng3 Qd5 14. Bxf6 Bxf3
15. Qxf3 Qxf3 16. gxf3 Bxf6 17. d5 Nb4 18. Be4 Bxb2 19. Rab1 c3 20. Nf5 g6 21.
Nd4 Rfd8 0-1

[Event "AUTO-OPEN-1803"]
[Site "http://www.queenalice.com/game.php?id=789386"]
[Date "2010.6.13"]
[Round "3"]
[White "holpache"]
[Black "TheBigSid"]
[Result "1-0"]
[WhiteElo "2615"]
[BlackElo "2141"]

1. d4 Nf6 2. c4 e6 3. Nf3 b6 4. e3 Bb7 5. Bd3 Be7 6. Nc3 O-O 7. e4 d5 8. cxd5
exd5 9. e5 Ne4 10. Qc2 f5 11. exf6 Nxf6 12. Ng5 c5 13. Bxh7+ Kh8 14. Ne2 Qe8 15.
Bg6 Qd7 16. Nf4 Nc6 17. Bh7 g6 18. Nxg6+ Kg7 19. Nxf8 Kxf8 20. Qg6 1-0

[Event "Challenge"]
[Site "http://www.queenalice.com/game.php?id=792567"]
[Date "2010.6.20"]
[Round "-"]
[White "leonard99"]
[Black "holpache"]
[Result "1-0"]
[WhiteElo "1728"]
[BlackElo "2561"]

1. e4 c5 2. Bc4 Nc6 3. Nf3 e6 4. O-O d5 5. exd5 exd5 6. Re1+ Be7 7. Bb5 Nf6 8.
Ne5 Qb6 9. a4 Be6 10. d3 O-O 11. Bf4 Nxe5 12. Bxe5 a6 13. Nc3 axb5 14. Nxb5 Nd7
15. Bc7 Qc6 16. Re3 Bf6 17. c3 d4 18. Rg3 dxc3 19. bxc3 Bxc3 20. Rc1 1-0

[Event "Challenge"]
[Site "http://www.queenalice.com/game.php?id=792568"]
[Date "2010.6.20"]
[Round "-"]
[White "leonard99"]
[Black "holpache"]
[Result "1-0"]
[WhiteElo "1758"]
[BlackElo "2546"]

1. d4 Nf6 2. e4 Nxe4 3. Bd3 d5 4. Bxe4 dxe4 5. Ne2 e6 6. O-O Bd6 7. Nbc3 f5 8.
Nb5 O-O 9. d5 e5 10. c4 Be7 11. f4 a6 12. Nbc3 Bc5+ 13. Kh1 Nd7 14. Na4 Ba7 15.
b3 b5 16. Ba3 bxa4 17. Bxf8 Qxf8 18. bxa4 exf4 19. Nxf4 Ne5 20. Rc1 Ng4 21. Qd2
1-0